Principles of Agricultural Engineering, Vol 1 (Record no. 7392)
[ view plain ]
| 000 -LEADER | |
|---|---|
| fixed length control field | 00359cam a2200145ua 4500 |
| 020 ## - INTERNATIONAL STANDARD BOOK NUMBER | |
| ISBN | 9788183602129 |
| 082 ## - DEWEY DECIMAL CLASSIFICATION NUMBER | |
| Classification number | 631.1 |
| Item number | OJH/PR |
| 100 ## - MAIN ENTRY--AUTHOR NAME | |
| Personal name | Ojha, T.P. |
| 245 ## - TITLE STATEMENT | |
| Title | Principles of Agricultural Engineering, Vol 1 |
| 250 ## - EDITION STATEMENT | |
| Edition statement | 3 / 6 |
| 260 ## - PUBLICATION, DISTRIBUTION, ETC. (IMPRINT) | |
| Place of publication | New Delhi : |
| Name of publisher | Jain Brothers , |
| Year of publication | 2014. |
| 300 ## - PHYSICAL DESCRIPTION | |
| Number of Pages | 768 |
| 700 1# - ADDED ENTRY--PERSONAL NAME | |
| Personal name | Michael, A.M. |
| 942 ## - ADDED ENTRY ELEMENTS (KOHA) | |
| Koha item type | Books |
| Withdrawn status | Lost status | Damaged status | Home library | Current library | Date acquired | Full call number | Accession Number | Koha item type | Collection code | Shelving location | Source of acquisition | Cost, normal purchase price |
|---|---|---|---|---|---|---|---|---|---|---|---|---|
| KAUAET | KAUAET | 07/04/2012 | 631.1 MIC/PR | 20703 | Books | |||||||
| KAUAET | KAUAET | 07/04/2012 | 631.1 | 20697 | Books | |||||||
| KAUAET | KAUAET | 07/04/2012 | 631.1 MIC/PR | 20702 | Books | |||||||
| KAUAET | KAUAET | 07/04/2012 | 631.1 MIC/PR | 20704 | Books | |||||||
| KAUAET | KAUAET | 07/04/2012 | 631.1 | 20700 | Books | |||||||
| KAUAET | KAUAET | 07/04/2012 | 631.1 MIC/PR | 20705 | Books | |||||||
| KAUAET | KAUAET | 07/04/2012 | 631.1 MIC/PR | 20706 | Books | |||||||
| KAUAET | KAUAET | 07/04/2012 | 631.1 MIC/PR | 20710 | Books | |||||||
| KAUAET | KAUAET | 07/04/2012 | 631.1 | 20711 | Books | |||||||
| KAUAET | KAUAET | 07/04/2012 | 631.1 | 20709 | Books | |||||||
| KAUAET | KAUAET | 07/04/2012 | 631.1 MIC/PR | 20698 | Books | |||||||
| KAUAET | KAUAET | 07/04/2012 | 631.1 MIC/PR | 20699 | Books | |||||||
| KAUAET | KAUAET | 07/04/2012 | 631.1 MIC/PR | 20708 | Books | |||||||
| KAUAET | KAUAET | 07/04/2012 | 631.1 MIC/PR | 20701 | Books | |||||||
| Withdrawn | KAUAET | KAUAET | 07/04/2012 | 631.1 | 20707 | Books | ||||||
| KAUAET | KAUAET | 31/03/2012 | 631.1 OJH/PR | 23329 | Books | Non-fiction | General Stacks | Penta Book Distributors, Calicut | 295.00 | |||
| KAUAET | KAUAET | 31/03/2012 | 631.1 OJH/PR | 23330 | Books | Non-fiction | General Stacks | Penta Book Distributors, Calicut | 295.00 | |||
| KAUAET | KAUAET | 31/03/2014 | 631.1 OJH/PR | 24351 | Books | General Stacks | 375.00 | |||||
| KAUAET | KAUAET | 28/01/2023 | 631.1 OJH/PR | 24654 | Books | |||||||
| KAUAET | KAUAET | 28/01/2023 | 631.1 OJH/PR | 24655 | Books | |||||||
| KAUAET | KAUAET | 28/01/2023 | 631.1 OJH/PR | 24938 | Books |
